000 00523nam a2200181Ia 4500
005 20250326142634.0
008 250326s9999 xx 000 0 und d
037 _aTextbook
040 _aFMSL
_beng
_cFMSL
041 _aeng
_2eng
084 _qFMSL
100 _aPilditch James
_9491124
245 0 _aWinning ways: How companies create the products we all want to buy
_cPilditch James
260 _aNew Delhi
_bNew Delhi, Viva Books Pvt. Ltd.
_c1992
300 _a317p
942 _cTB
999 _c1295950
_d1295950